De la alquimia a la química
Uloženo v:
| Hlavní autor: | |
|---|---|
| Médium: | Kniha |
| Jazyk: | španělština |
| Vydáno: |
Ciudad de México
Fondo de Cultura Económica
2003
|
| Vydání: | 3a. ed |
| Edice: | La Ciencia para Todos, 118
|
| Témata: | |
| Tagy: |
Přidat tag
Žádné tagy, Buďte první, kdo vytvoří štítek k tomuto záznamu!
|
MARC
| LEADER | 00000nam a2200000 a 4500 | ||
|---|---|---|---|
| 001 | UCG1504 | ||
| 003 | CL-VaPUC | ||
| 008 | 100506e20030000MX |||||||||||||||||spa|d | ||
| 020 | |a 9789681669096 | ||
| 082 | 0 | 4 | |a 540 |b SEL |2 21 |
| 100 | 0 | |a Selva, Teresa de la |e author |9 549463 | |
| 245 | 1 | 0 | |a De la alquimia a la química |
| 250 | |a 3a. ed | ||
| 300 | |a 162 p | ||
| 942 | |c BK | ||
| 945 | |d 20100506 00:00:00 |a cmena | ||
| 260 | |a Ciudad de México |b Fondo de Cultura Económica |c 2003 | ||
| 650 | 0 | |a Química |9 259896 | |
| 650 | 0 | |a Historia de las ciencias |9 264975 | |
| 650 | 0 | |a Alquimia |9 265879 | |
| 650 | 7 | |a DESCUBRIMIENTOS CIENTIFICOS |2 CL-VaPUC |9 334499 | |
| 583 | |a last modification |c 20100506 00:00:00 |k Rodrigo Vera | ||
| 490 | 0 | |a La Ciencia para Todos, 118 | |
| 999 | |c 340855 |d 340853 | ||
| 952 | |0 0 |1 0 |2 ddc |4 0 |6 540_000000000000000_SEL_2003 |7 0 |8 C |9 435987 |a BIBCUR |b BIBCUR |d 2019-11-22 |i 467149K |l 2 |m 1 |o 540 SEL 2003 |p 467149K |r 2025-04-22 |s 2022-06-01 |w 2019-11-22 |y BK |k EXP | ||